[Event "4NCL Division 1b"]
[Site "Birmingham, ENG"]
[Date "2016.03.19"]
[Round "7.184"]
[White "Buchicchio, Giampaolo"]
[Black "Foisor, Mihaela-Veronica"]
[Result "0-1"]
[WhiteElo "2301"]
[BlackElo "2241"]
[PlyCount "74"]
[EventDate "2016.03.19"]
[WhiteTeam "Barbican 4NCL 2"]
[BlackTeam "Grantham Sharks 1"]

1. e4 e6 2. d4 d5 3. Nc3 Bb4 4. e5 c5 5. Bd2 Nc6 6. Nb5 Bxd2+ 7. Qxd2 cxd4 8.
f4 Nh6 9. Nd6+ Ke7 10. Nf3 Qb6 11. O-O-O Bd7 12. g4 Rac8 13. g5 Ng4 14. Nxd4
Nxd4 15. Nxc8+ Rxc8 16. Qxd4 Nf2 17. Qxb6 axb6 18. Bd3 Nxh1 19. Rxh1 Ra8 20. a3
Ra4 21. Rf1 b5 22. Rf3 b4 23. axb4 Rxb4 24. b3 Bb5 25. c3 Rxb3 26. Bc2 Ra3 27.
Rh3 d4 28. Rxh7 Rxc3 29. Kd2 Rf3 30. f5 Rf2+ 31. Kd1 exf5 32. Bb3 Rb2 33. Bd5
d3 34. Rxg7 d2 35. Rxf7+ Ke8 36. Rxb7 Ba4+ 37. Bb3 Bxb3+ 0-1

[Event "4NCL Division 1b"]
[Site "Birmingham, ENG"]
[Date "2016.03.19"]
[Round "7.185"]
[White "Visa Jordana, Joel"]
[Black "Rogers, Jonathan W"]
[Result "1/2-1/2"]
[WhiteElo "2226"]
[BlackElo "2277"]
[PlyCount "78"]
[EventDate "2016.03.19"]
[WhiteTeam "Grantham Sharks 1"]
[BlackTeam "Barbican 4NCL 2"]

1. d4 Nf6 2. c4 e6 3. Nc3 Bb4 4. f3 O-O 5. a3 Be7 6. e4 d5 7. e5 Ne8 8. Be3
dxc4 9. Bxc4 c5 10. d5 exd5 11. Bxd5 Nc7 12. Be4 Ne6 13. Nge2 Nc6 14. Bxc6 bxc6
15. Qa4 Qc7 16. f4 f6 17. exf6 Bxf6 18. O-O Rb8 19. f5 Qe5 20. Bc1 Nd4 21. Qc4+
Kh8 22. Bf4 Nxe2+ 23. Nxe2 Qxb2 24. Bxb8 Qxb8 25. Rad1 Qe5 26. Ng3 Qe3+ 27. Kh1
Qxa3 28. Rfe1 h6 29. Ne4 Qb4 30. Qa2 Bh4 31. g3 Bxf5 32. Nd6 Bg4 33. Nf7+ Kh7
34. Qc2+ Kg8 35. Nxh6+ gxh6 36. Qg6+ Kh8 37. Qxh6+ Kg8 38. Qg6+ Kh8 39. Kg1
Bxd1 1/2-1/2

[Event "4NCL Division 1b"]
[Site "Birmingham, ENG"]
[Date "2016.03.19"]
[Round "7.186"]
[White "Poobalasingam, Peter S"]
[Black "Purton, Ben J"]
[Result "1-0"]
[WhiteElo "2243"]
[BlackElo "2177"]
[PlyCount "127"]
[EventDate "2016.03.19"]
[WhiteTeam "Barbican 4NCL 2"]
[BlackTeam "Grantham Sharks 1"]

1. e4 c5 2. Nf3 d6 3. d4 cxd4 4. Nxd4 Nf6 5. f3 e5 6. Nb5 Be6 7. c4 a6 8. N5a3
Be7 9. Be2 O-O 10. O-O Nc6 11. Be3 Nh5 12. g3 f5 13. exf5 Bxf5 14. Nc3 Nf6 15.
Qd2 Qe8 16. Bd3 Qg6 17. Bxf5 Qxf5 18. Nc2 Rfd8 19. Bb6 Rd7 20. Ne3 Qg5 21. Rad1
Bd8 22. Ned5 Nxd5 23. Nxd5 Qxd2 24. Rxd2 Ne7 25. Nxe7+ Bxe7 26. Rfd1 Rc8 27. b3
Rc6 28. Be3 Rdc7 29. a4 Kf7 30. Rd5 Ke6 31. Kf2 Rc8 32. Ke2 g6 33. Rf1 Rf8 34.
f4 h5 35. Rf3 Rf5 36. fxe5 dxe5 37. Rd1 Rc8 38. Rdf1 Rd8 39. h3 Rdf8 40. Bd2
Bc5 41. g4 hxg4 42. hxg4 Rxf3 43. Rxf3 Rh8 44. Bg5 Be7 45. Bxe7 Kxe7 46. g5 Rh5
47. Rf6 Rxg5 48. Rb6 Rg3 49. b4 Rc3 50. Rxb7+ Kd8 51. c5 Kc8 52. Rb6 a5 53. b5
Rxc5 54. Ra6 Rc4 55. Rxa5 Rb4 56. Ra6 Kb7 57. Kd3 g5 58. Kc3 Rf4 59. a5 g4 60.
Rb6+ Ka7 61. Rg6 Ra4 62. Rg7+ Kb8 63. a6 g3 64. Kb3 1-0

[Event "4NCL Division 1b"]
[Site "Birmingham, ENG"]
[Date "2016.03.19"]
[Round "7.187"]
[White "Bremner, Adam"]
[Black "Sands, David A"]
[Result "1-0"]
[WhiteElo "2200"]
[BlackElo "2142"]
[PlyCount "127"]
[EventDate "2016.03.19"]
[WhiteTeam "Grantham Sharks 1"]
[BlackTeam "Barbican 4NCL 2"]

1. d4 d5 2. Bf4 Nf6 3. e3 c5 4. c3 e6 5. Bd3 Nc6 6. Nd2 Bd6 7. Bxd6 Qxd6 8. f4
cxd4 9. cxd4 Bd7 10. a3 O-O 11. Ngf3 Rfc8 12. Ne5 Be8 13. O-O Nd7 14. g4 Nf8
15. Qf3 Rc7 16. Qh3 f6 17. Nxc6 Rxc6 18. Rfc1 Rac8 19. Qf1 Rxc1 20. Rxc1 Rxc1
21. Qxc1 Qc6 22. Qxc6 Bxc6 23. Kf2 Kf7 24. Ke2 Ke7 25. Nb1 b6 26. Nc3 h6 27.
Kd2 Nd7 28. Ne2 Nf8 29. Ng3 Be8 30. f5 Bf7 31. fxe6 Bxe6 32. Nf5+ Bxf5 33. gxf5
Kd6 34. Bb5 Nh7 35. h4 Nf8 36. Ke2 g5 37. Kf3 Ke7 38. Kg4 Nh7 39. Bf1 gxh4 40.
Kxh4 Ng5 41. Bg2 Kd6 42. Kh5 Nf7 43. Kg6 Ke7 44. Bxd5 Nd6 45. a4 h5 46. e4 h4
47. e5 Ne8 48. Bg2 Kf8 49. Kh5 Ng7+ 50. Kg6 Ne8 51. Bh3 Ke7 52. Kh5 Nc7 53. Bg2
b5 54. b3 bxa4 55. bxa4 a5 56. Kxh4 Na6 57. Kh5 Nb4 58. Be4 Na2 59. Kg6 Nc3 60.
Bf3 Nxa4 61. Kg7 fxe5 62. f6+ Ke6 63. d5+ Kf5 64. f7 1-0

[Event "4NCL Division 1b"]
[Site "Birmingham, ENG"]
[Date "2016.03.19"]
[Round "7.188"]
[White "Regan, Natasha K"]
[Black "Murphy, Hugh W"]
[Result "1/2-1/2"]
[WhiteElo "2030"]
[BlackElo "2118"]
[PlyCount "97"]
[EventDate "2016.03.19"]
[WhiteTeam "Barbican 4NCL 2"]
[BlackTeam "Grantham Sharks 1"]

1. Nf3 d5 2. c4 c6 3. b3 Bg4 4. e3 Nf6 5. h3 Bh5 6. Nc3 e6 7. g4 Bg6 8. Ne5
Nbd7 9. Nxg6 hxg6 10. cxd5 exd5 11. Bg2 Bd6 12. Bb2 Qe7 13. Ne2 Ne5 14. Qc2 Ba3
15. Bxa3 Qxa3 16. Qc3 Qe7 17. Ng3 Rd8 18. d4 Ned7 19. b4 O-O 20. O-O Ne4 21.
Nxe4 dxe4 22. a4 f5 23. Qc4+ Kh7 24. gxf5 gxf5 25. b5 Rc8 26. Qe2 Qh4 27. f3
exf3 28. Rxf3 Rf6 29. Qf2 Qh5 30. Rf1 Rcf8 31. bxc6 bxc6 32. Rf4 Qf7 33. e4
fxe4 34. Bxe4+ Kg8 35. Qh4 g6 36. Rxf6 Nxf6 37. Qh6 Qg7 38. Qxg7+ Kxg7 39. Bxc6
Rd8 40. d5 Rd6 41. Rd1 Kf7 42. Kf2 Ng8 43. Rb1 Ne7 44. Rb7 Kf6 45. Rxa7 Nxc6
46. dxc6 Rxc6 47. Rb7 Rc3 48. Kg2 Rc2+ 49. Kf3 1/2-1/2

[Event "4NCL Division 1c"]
[Site "Birmingham, ENG"]
[Date "2016.05.01"]
[Round "10.111"]
[White "Howell, David W L"]
[Black "Sowray, Peter J"]
[Result "1-0"]
[WhiteElo "2678"]
[BlackElo "2365"]
[PlyCount "59"]
[EventDate "2016.05.01"]
[WhiteTeam "Cheddleton 1"]
[BlackTeam "Barbican 4NCL 2"]

1. e4 e5 2. Nf3 Nc6 3. Bc4 Nf6 4. d3 Be7 5. O-O O-O 6. a4 d5 7. exd5 Nxd5 8. a5
a6 9. Re1 Bf6 10. Nbd2 Nf4 11. Ne4 Bg4 12. h3 Bh5 13. c3 Kh8 14. Ng3 Bg6 15. d4
Nh5 16. d5 Nxg3 17. dxc6 Qe7 18. cxb7 Rad8 19. Qb3 Ne4 20. Be3 Bh4 21. Rad1 Nd6
22. Bxa6 Be4 23. Nxh4 Qxh4 24. Ba7 Bxg2 25. Kxg2 f5 26. Rxe5 f4 27. Bf1 f3+ 28.
Kh1 Nxb7 29. Rxd8 Nxd8 30. Qd5 1-0

[Event "4NCL Division 1c"]
[Site "Birmingham, ENG"]
[Date "2016.05.01"]
[Round "10.112"]
[White "Dorrington, Chris J"]
[Black "Hawkins, Jonathan"]
[Result "0-1"]
[WhiteElo "2336"]
[BlackElo "2584"]
[PlyCount "64"]
[EventDate "2016.05.01"]
[WhiteTeam "Barbican 4NCL 2"]
[BlackTeam "Cheddleton 1"]

1. Nf3 d5 2. d4 Nf6 3. c4 e6 4. Nc3 dxc4 5. e3 a6 6. a4 c5 7. Bxc4 Nc6 8. O-O
Be7 9. Qe2 cxd4 10. Rd1 O-O 11. exd4 Nb4 12. Bg5 h6 13. Bh4 Bd7 14. Ne5 Bc6 15.
Rac1 Bd5 16. Nxd5 Nfxd5 17. Bg3 Bg5 18. Ra1 Rc8 19. Ra3 Qe7 20. Rf3 h5 21. h4
Bh6 22. Bb3 Rcd8 23. Nc4 Nf6 24. Rc3 Nbd5 25. Rf3 Qb4 26. Bc2 Rc8 27. b3 Rfd8
28. Be5 b5 29. axb5 axb5 30. Ne3 Nxe3 31. fxe3 Ng4 32. Rdf1 Nxe5 0-1

[Event "4NCL Division 1c"]
[Site "Birmingham, ENG"]
[Date "2016.05.01"]
[Round "10.113"]
[White "Fodor, Tamas Jr"]
[Black "Cox, John J"]
[Result "1-0"]
[WhiteElo "2505"]
[BlackElo "2341"]
[PlyCount "111"]
[EventDate "2016.05.01"]
[WhiteTeam "Cheddleton 1"]
[BlackTeam "Barbican 4NCL 2"]

1. Nf3 c5 2. g3 Nc6 3. c4 g6 4. Bg2 Bg7 5. O-O Nh6 6. e4 d6 7. Nc3 O-O 8. d3
Ng4 9. h3 Nge5 10. Ne1 Nd4 11. Be3 Rb8 12. Kh2 Nec6 13. Rc1 Bd7 14. Qd2 b5 15.
f4 f5 16. b3 e6 17. Nf3 Nxf3+ 18. Bxf3 bxc4 19. dxc4 Nd4 20. Bg2 Bc6 21. exf5
Bxg2 22. Qxg2 gxf5 23. Rfd1 a6 24. Ne2 Nxe2 25. Qxe2 Qc7 26. Bf2 Rfe8 27. Rc2
a5 28. Rcd2 Bf8 29. g4 Qf7 30. Rg1 Kh8 31. Qf3 a4 32. gxf5 Qxf5 33. Bh4 axb3
34. axb3 Bh6 35. Rf2 Rf8 36. Qc3+ e5 37. fxe5 Bf4+ 38. Rxf4 Qxf4+ 39. Bg3 Qf3
40. Qxf3 Rxf3 41. exd6 h5 42. Rd1 Rd8 43. b4 Rf5 44. b5 Rd7 45. b6 Rf3 46. Rd5
Rb3 47. Rxc5 Rxb6 48. Rxh5+ Kg8 49. Rg5+ Kf7 50. h4 Rb2+ 51. Kh3 Rc2 52. c5 Ke6
53. h5 Rf7 54. h6 Kf6 55. Kg4 Rc1 56. Rf5+ 1-0

[Event "4NCL Division 1c"]
[Site "Birmingham, ENG"]
[Date "2016.05.01"]
[Round "10.114"]
[White "Merry, Alan B"]
[Black "Williams, Simon K"]
[Result "1-0"]
[WhiteElo "2375"]
[BlackElo "2452"]
[PlyCount "91"]
[EventDate "2016.05.01"]
[WhiteTeam "Barbican 4NCL 2"]
[BlackTeam "Cheddleton 1"]

1. b3 e5 2. Bb2 Nc6 3. e3 d5 4. Bb5 Bd6 5. f4 f6 6. Qh5+ g6 7. Qh4 exf4 8. Nc3
fxe3 9. dxe3 a6 10. Bxc6+ bxc6 11. O-O-O Qe7 12. e4 d4 13. Rxd4 g5 14. Qh5+ Qf7
15. Qe2 Ne7 16. Nf3 g4 17. Nh4 O-O 18. h3 Be5 19. Rd3 a5 20. Na4 Qh5 21. hxg4
Bxg4 22. Qe1 Qg5+ 23. Kb1 Bxb2 24. Kxb2 Ng6 25. Nf3 Bxf3 26. gxf3 Qe5+ 27. Kb1
Rad8 28. Nb2 a4 29. Rxd8 Rxd8 30. Nxa4 Qf4 31. Qf1 Qd6 32. Qc4+ Kg7 33. Nc5 Re8
34. Nd3 Ra8 35. a4 Ra5 36. Qc3 Rg5 37. f4 Rg3 38. e5 fxe5 39. fxe5 Qe6 40. Nf4
Rxc3 41. Nxe6+ Kg8 42. a5 Re3 43. a6 Rxe5 44. Nxc7 Ra5 45. Kb2 Ne7 46. b4 1-0

[Event "4NCL Division 1c"]
[Site "Birmingham, ENG"]
[Date "2016.05.01"]
[Round "10.115"]
[White "Eggleston, David J"]
[Black "Poobalasingam, Peter S"]
[Result "0-1"]
[WhiteElo "2400"]
[BlackElo "2221"]
[PlyCount "186"]
[EventDate "2016.05.01"]
[WhiteTeam "Cheddleton 1"]
[BlackTeam "Barbican 4NCL 2"]

1. e4 d6 2. d4 Nf6 3. Nc3 e5 4. Nf3 Nbd7 5. Bc4 Be7 6. O-O O-O 7. Re1 a6 8. a4
h6 9. h3 Re8 10. b3 exd4 11. Nxd4 Ne5 12. Bf1 Bf8 13. Bb2 Ng6 14. g3 h5 15. h4
Bg4 16. f3 Bc8 17. Bg2 c6 18. Qd2 Qc7 19. Qf2 b6 20. f4 Bb7 21. Kh1 b5 22. axb5
axb5 23. Rxa8 Bxa8 24. Nf5 Qc8 25. Bh3 Qb7 26. Bg2 Qc8 27. Bh3 Qd8 28. Bg2 Bb7
29. b4 Bc8 30. Ne3 Qb6 31. Ng4 Qxf2 32. Nxf2 d5 33. Nd3 dxe4 34. Nxe4 Nd5 35.
c3 Rd8 36. Nec5 Nge7 37. Kh2 g6 38. Ne5 f6 39. Ned3 Kf7 40. Re4 Bf5 41. Nb7 Rd7
42. Ndc5 Bxe4 43. Nxd7 Bxg2 44. Kxg2 Bg7 45. Nb8 Ke6 46. Na5 Kd6 47. c4 Ne3+
48. Kf3 Nxc4 49. Nxc4+ bxc4 50. Na6 Nd5 51. Bd4 Ke6 52. Nc5+ Kf5 53. Nb7 Nxb4
54. Nd6+ Ke6 55. Ne4 Kd5 56. Bxf6 Bxf6 57. Nxf6+ Kd4 58. Ke2 c3 59. Nd7 Nd3 60.
Kd1 Kc4 61. Kc2 Nb4+ 62. Kc1 Kd4 63. Kd1 Kc4 64. Kc1 Nd3+ 65. Kc2 Kd4 66. Kd1
Nb2+ 67. Kc2 Nc4 68. Nb8 Ne3+ 69. Kc1 c5 70. Nc6+ Kc4 71. Ne5+ Kb3 72. Nxg6 Nf5
73. Ne5 Nxg3 74. Nd3 c4 75. Nc5+ Kb4 76. Na6+ Kb5 77. Nc7+ Kc6 78. Ne6 Kd5 79.
Ng7 Kc5 80. f5 Kb4 81. f6 Ne2+ 82. Kc2 Nd4+ 83. Kc1 Kb3 84. f7 Ne2+ 85. Kd1 Nf4
86. f8=Q c2+ 87. Kd2 c3+ 88. Ke3 c1=Q+ 89. Ke4 Qc2+ 90. Kd4 Qd3+ 91. Kc5 Qc4+
92. Kb6 Qb4+ 93. Qxb4+ Kxb4 0-1

[Event "4NCL Division 1c"]
[Site "Birmingham, ENG"]
[Date "2016.05.01"]
[Round "10.116"]
[White "O'Toole, George E"]
[Black "Arkell, Keith C"]
[Result "0-1"]
[WhiteElo "2241"]
[BlackElo "2448"]
[PlyCount "82"]
[EventDate "2016.05.01"]
[WhiteTeam "Barbican 4NCL 2"]
[BlackTeam "Cheddleton 1"]

1. e4 g6 2. d4 Bg7 3. Nc3 d6 4. Be3 a6 5. h4 h6 6. Nge2 b5 7. Qd2 Bb7 8. f3 Nd7
9. Nf4 c5 10. dxc5 Nxc5 11. Nd3 Nxd3+ 12. Qxd3 Rc8 13. Bd4 Bxd4 14. Qxd4 Nf6
15. O-O-O Qc7 16. Rd2 Qc5 17. Be2 Qxd4 18. Rxd4 Nh5 19. Rhd1 Nf4 20. Bf1 Ne6
21. Rb4 Bc6 22. Nd5 g5 23. h5 Nf4 24. g4 Bxd5 25. exd5 Rc5 26. c4 Kd7 27. b3
Rhc8 28. Kb2 bxc4 29. bxc4 Kc7 30. Re1 e6 31. dxe6 fxe6 32. Re3 Rb8 33. a3 Rb6
34. Kb3 a5 35. Rb5 Rbxb5+ 36. cxb5 Kb6 37. Re1 e5 38. a4 Ne6 39. Re3 Nd4+ 40.
Kb2 Rc2+ 41. Kb1 Rf2 0-1

[Event "4NCL Division 1c"]
[Site "Birmingham, ENG"]
[Date "2016.05.01"]
[Round "10.117"]
[White "Kirk, Ezra"]
[Black "Franklin, Samuel G A"]
[Result "1/2-1/2"]
[WhiteElo "2337"]
[BlackElo "2289"]
[PlyCount "79"]
[EventDate "2016.05.01"]
[WhiteTeam "Cheddleton 1"]
[BlackTeam "Barbican 4NCL 2"]

1. d4 Nf6 2. c4 g6 3. Nc3 Bg7 4. Nf3 O-O 5. g3 d6 6. Bg2 Nc6 7. O-O Rb8 8. h3
a6 9. e4 b5 10. e5 Nd7 11. cxb5 axb5 12. Ng5 dxe5 13. Bxc6 exd4 14. Nxb5 Rb6
15. Na7 Nb8 16. Be4 Ba6 17. Re1 Qd7 18. b3 c6 19. Ba3 Qxa7 20. Bc5 Nd7 21. Bxd4
c5 22. Bxg7 Kxg7 23. Bg2 Rd6 24. Qc2 Nf6 25. Ne4 Nxe4 26. Rxe4 Kg8 27. Qc3 Rfd8
28. Rae1 e6 29. h4 h5 30. Qa5 Rd2 31. Rf4 R8d6 32. Bf1 Qb6 33. Qxb6 Rxb6 34.
Ra4 Bxf1 35. Kxf1 c4 36. Rxc4 Rxa2 37. Rb1 Rd6 38. Ra4 Rc2 39. Rc4 Ra2 40. Ra4
1/2-1/2

[Event "4NCL Division 1c"]
[Site "Birmingham, ENG"]
[Date "2016.05.01"]
[Round "10.118"]
[White "Bhatia, Kanwal K"]
[Black "Steil-Antoni, Fiona"]
[Result "1-0"]
[WhiteElo "2082"]
[BlackElo "2185"]
[PlyCount "47"]
[EventDate "2016.05.01"]
[WhiteTeam "Barbican 4NCL 2"]
[BlackTeam "Cheddleton 1"]

1. e4 d6 2. d4 Nf6 3. Nc3 Nbd7 4. f4 e5 5. Nf3 exd4 6. Nxd4 Nc5 7. Bd3 Bg4 8.
Qd2 g6 9. h3 Bd7 10. O-O Bg7 11. e5 dxe5 12. fxe5 Nh5 13. Qf2 O-O 14. Be2 Bxe5
15. Bxh5 gxh5 16. Bh6 Ne6 17. Nxe6 Bxe6 18. Rad1 Qe7 19. Bxf8 Qxf8 20. Ne4 Qg7
21. Nf6+ Kh8 22. Qh4 Bxb2 23. Nxh5 Qh6 24. Rd8+ 1-0

[Event "4NCL Division 1c"]
[Site "Birmingham, ENG"]
[Date "2016.05.01"]
[Round "10.121"]
[White "Speelman, Jon S"]
[Black "Fressinet, Laurent"]
[Result "1-0"]
[WhiteElo "2518"]
[BlackElo "2692"]
[PlyCount "81"]
[EventDate "2016.05.01"]
[WhiteTeam "Wood Green HK"]
[BlackTeam "Guildford 1"]

1. d4 Nf6 2. Nf3 g6 3. Bf4 d6 4. e3 Bg7 5. Be2 O-O 6. h3 b6 7. O-O Bb7 8. Bh2
Nbd7 9. a4 a6 10. c4 Ne4 11. a5 c5 12. axb6 Qxb6 13. Ra2 cxd4 14. exd4 e5 15.
dxe5 Nxe5 16. Bf4 Qc6 17. Nd4 Qc7 18. b3 Qe7 19. Rc2 Qh4 20. Be3 f5 21. Nf3 Qf6
22. Bc1 g5 23. Bb2 Rad8 24. Nc3 Nxc3 25. Bxc3 g4 26. hxg4 fxg4 27. Nxe5 dxe5
28. Rd2 Bh6 29. Rxd8 Rxd8 30. Bd3 Bg7 31. Qc2 Qc6 32. f3 Qb6+ 33. c5 Qxc5+ 34.
Kh2 gxf3 35. Bxh7+ Kh8 36. Be4 fxg2 37. Kxg2 Bc6 38. Rf3 Rc8 39. Qe2 Kg8 40. b4
Bb5 41. Qd2 1-0

[Event "4NCL Division 1c"]
[Site "Birmingham, ENG"]
[Date "2016.05.01"]
[Round "10.122"]
[White "Edouard, Romain"]
[Black "Pert, Richard G"]
[Result "1-0"]
[WhiteElo "2632"]
[BlackElo "2441"]
[PlyCount "67"]
[EventDate "2016.05.01"]
[WhiteTeam "Guildford 1"]
[BlackTeam "Wood Green HK"]

1. Nf3 e6 2. c4 f5 3. g3 Nf6 4. Bg2 Be7 5. O-O O-O 6. d4 d6 7. Bf4 Nh5 8. Bd2
Nd7 9. Nc3 Qe8 10. e4 f4 11. Nb5 Bd8 12. e5 a6 13. Nc3 dxe5 14. Nxe5 Nxe5 15.
dxe5 Bd7 16. Bxb7 Rb8 17. Bf3 g6 18. g4 Ng7 19. Ne4 h5 20. gxh5 Nxh5 21. Kh1
Bc6 22. Rg1 Rf5 23. Bc3 Kh7 24. Qf1 Be7 25. Qg2 Qf7 26. Rad1 Rg8 27. Nf6+ Bxf6
28. Bxc6 f3 29. Qh3 Bg7 30. Rd7 Qf8 31. Be4 Qe8 32. Bxf5 exf5 33. Rxc7 Kh8 34.
Qxf3 1-0

[Event "4NCL Division 1c"]
[Site "Birmingham, ENG"]
[Date "2016.05.01"]
[Round "10.123"]
[White "Greet, Andrew N"]
[Black "Jones, Gawain C B"]
[Result "1/2-1/2"]
[WhiteElo "2456"]
[BlackElo "2650"]
[PlyCount "115"]
[EventDate "2016.05.01"]
[WhiteTeam "Wood Green HK"]
[BlackTeam "Guildford 1"]

1. c4 g6 2. Nc3 c5 3. g3 Bg7 4. Bg2 Nc6 5. a3 Nh6 6. e3 Nf5 7. Nge2 O-O 8. O-O
d6 9. Rb1 a5 10. b3 e5 11. Nd5 Nfe7 12. Nec3 Nxd5 13. Nxd5 Be6 14. d3 Rb8 15.
Bd2 b5 16. Nc3 Na7 17. a4 b4 18. Nb5 Nxb5 19. axb5 d5 20. Qc2 dxc4 21. dxc4 f5
22. Rfd1 Qc7 23. Bc1 e4 24. Bb2 Bxb2 25. Rxb2 Rfd8 26. Ra2 h5 27. h4 Kf7 28.
Rda1 Ra8 29. Ra4 Ra7 30. Qa2 Rda8 31. Qb2 Qd6 32. Bf1 Qc7 33. R1a2 Rd8 34. Qa1
Rda8 35. Be2 Bd7 36. Kh2 Be6 37. Kg2 Bd7 38. Kh2 Be6 39. Kg2 Bd7 40. Rd2 Be6
41. Qd1 Ke7 42. f4 Rd8 43. Rxd8 Qxd8 44. Qa1 Kf7 45. Kf2 Ra8 46. Qe5 Qb6 47.
Ra2 Rd8 48. Qa1 Ra8 49. Ke1 Qc7 50. Kf1 Qb6 51. Qe5 Rd8 52. Kf2 Qa7 53. Qa1 Ra8
54. Rd2 Qc7 55. Qd1 Ke7 56. Qa1 Kf7 57. Qd1 Ke7 58. Qa1 1/2-1/2

[Event "4NCL Division 1c"]
[Site "Birmingham, ENG"]
[Date "2016.05.01"]
[Round "10.124"]
[White "Short, Nigel D"]
[Black "McDonald, Neil"]
[Result "1-0"]
[WhiteElo "2671"]
[BlackElo "2418"]
[PlyCount "297"]
[EventDate "2016.05.01"]
[WhiteTeam "Guildford 1"]
[BlackTeam "Wood Green HK"]

1. d4 d5 2. c4 e6 3. Nc3 Be7 4. Nf3 Nf6 5. Bg5 h6 6. Bh4 O-O 7. e3 Ne4 8. Bxe7
Qxe7 9. Rc1 c6 10. Qb3 Nd7 11. Be2 Nxc3 12. bxc3 dxc4 13. Qxc4 c5 14. Nd2 b6
15. Bf3 Rb8 16. Qa4 Bb7 17. O-O Rfc8 18. Qxa7 Bxf3 19. Nxf3 Ra8 20. Qb7 Rcb8
21. Qc6 Rc8 22. Qb5 Rxa2 23. Ra1 Rca8 24. Rxa2 Rxa2 25. h3 Qd6 26. e4 Ra5 27.
Qb1 Qc6 28. Rd1 Ra8 29. d5 exd5 30. exd5 Qa4 31. d6 b5 32. Re1 b4 33. cxb4 cxb4
34. Nd4 b3 35. Nxb3 Rb8 36. Qc2 Nf6 37. Re3 Rd8 38. Qc7 Qd7 39. Re7 Qxd6 40.
Rxf7 Qxc7 41. Rxc7 Rd1+ 42. Kh2 Rf1 43. Rc2 Ne4 44. f3 Nf6 45. Nd4 Rd1 46. Nf5
Rd7 47. g4 Kh7 48. Rc6 Nd5 49. Ra6 Ne7 50. Nd6 Nd5 51. Ne4 Rb7 52. h4 Rb6 53.
Ra7 Nf6 54. Nf2 Rb2 55. Kg3 Rb1 56. h5 Rb3 57. Re7 Nd5 58. Re5 Nf6 59. Nh3 Rb1
60. Nf4 Rg1+ 61. Kh3 Rf1 62. Kg2 Rd1 63. Ra5 Rd4 64. Ng6 Rd8 65. Kg3 Rb8 66.
Ra7 Rd8 67. Rb7 Re8 68. Ne7 Rd8 69. Nf5 Rd7 70. Rb8 Ng8 71. Re8 Nf6 72. Ra8 Ng8
73. Re8 Nf6 74. Rf8 Rc7 75. Kh4 Nd5 76. Nd4 Rc4 77. Ne6 Rc6 78. Re8 g5+ 79.
hxg6+ Kxg6 80. Nd4 Nf6 81. Re7 Rd6 82. Ne2 Nd5 83. Re5 Nf6 84. Ra5 Kf7 85. Nf4
Rd7 86. Rf5 Kg7 87. Ne6+ Kf7 88. Nf4 Kg7 89. Kg3 Ra7 90. Rb5 Re7 91. Ra5 Rb7
92. Ne6+ Kh7 93. Ra6 Ng8 94. Nd4 Rf7 95. Rd6 Ra7 96. Kf4 Rc7 97. Nc6 Rf7+ 98.
Kg3 Rb7 99. Ne5 Re7 100. f4 Kg7 101. Rg6+ Kh7 102. Rd6 Kg7 103. Nc6 Rb7 104.
Nd4 Ra7 105. Nf5+ Kh7 106. Kf3 Ra3+ 107. Ke4 Ra4+ 108. Ke5 Ra5+ 109. Ke6 Ra7
110. Rb6 Rc7 111. Ra6 Rb7 112. Nd6 Re7+ 113. Kf5 Rc7 114. Ra4 Rc5+ 115. Ke6 Rc7
116. Re4 Re7+ 117. Kf5 Ra7 118. Re8 Rg7 119. Ne4 Rf7+ 120. Ke5 Rg7 121. Nf2 Ra7
122. Rd8 Re7+ 123. Kf5 Rf7+ 124. Ke4 Re7+ 125. Kf3 Nf6 126. Nd3 Ra7 127. Rd4
Kg7 128. f5 Ra1 129. Nc5 Rf1+ 130. Kg2 Rc1 131. Ne6+ Kf7 132. Ra4 Ke7 133. Kg3
Rg1+ 134. Kh3 Rh1+ 135. Kg2 Rb1 136. Ng7 Nd5 137. Nh5 Rb3 138. Kf2 Kd6 139. Re4
Rb2+ 140. Kg3 Rb3+ 141. Kh4 Re3 142. Ra4 Ke5 143. Ra6 Nf4 144. Rxh6 Re1 145.
Nxf4 Kxf4 146. Kh5 Rh1+ 147. Kg6 Rg1 148. Rh4 Kg3 149. Rh5 1-0

[Event "4NCL Division 1c"]
[Site "Birmingham, ENG"]
[Date "2016.05.01"]
[Round "10.125"]
[White "Shaw, John"]
[Black "Pert, Nicholas"]
[Result "1/2-1/2"]
[WhiteElo "2451"]
[BlackElo "2572"]
[PlyCount "154"]
[EventDate "2016.05.01"]
[WhiteTeam "Wood Green HK"]
[BlackTeam "Guildford 1"]

1. e4 c5 2. Nc3 Nc6 3. Bb5 Nd4 4. Nf3 Nxb5 5. Nxb5 d6 6. d4 Nf6 7. Nc3 cxd4 8.
Qxd4 e5 9. Qd3 h6 10. O-O Be7 11. Rd1 O-O 12. Nd2 Bg4 13. f3 Be6 14. Nf1 Rc8
15. Ne3 a6 16. Bd2 b5 17. b3 Qb6 18. Kh1 Rc5 19. a4 b4 20. Ncd5 Bxd5 21. exd5
Qb7 22. Be1 Rfc8 23. Rac1 a5 24. h3 Nh5 25. Nc4 Nf6 26. Ne3 Nh5 27. Nc4 Nf4 28.
Qe4 Rf8 29. Bf2 f5 30. Qe1 Rxd5 31. Rxd5 Qxd5 32. Rd1 Qc6 33. Qd2 Rc8 34. Be3
Nh5 35. Qd5+ Qxd5 36. Rxd5 f4 37. Bb6 Nf6 38. Rxa5 Kf7 39. Ra7 Ke6 40. a5 d5
41. Nxe5 Rxc2 42. Nd3 Nh5 43. a6 Rd2 44. Rc7 Rxd3 45. a7 Rd1+ 46. Bg1 Ra1 47.
Rc1 Ra2 48. Rc8 Ng3+ 49. Kh2 Nf1+ 50. Kh1 Nd2 51. Rc2 Rxa7 52. Bxa7 Nxb3 53.
Rb2 Na5 54. Bd4 g5 55. Kg1 Nc6 56. Re2+ Kd6 57. Bb2 d4 58. Kf1 Kd5 59. Ke1 b3
60. Kd2 Ne5 61. Rxe5+ Kxe5 62. Kd3 Kd5 63. Bxd4 Bd6 64. Bg7 h5 65. Bf6 Be5 66.
Bxg5 b2 67. Kc2 Kc4 68. Bh6 Kb4 69. Bf8+ Kc4 70. Bh6 Bc7 71. Kxb2 Kd3 72. h4
Ke2 73. Bxf4 Bxf4 74. g4 Kxf3 75. gxh5 Kg4 76. h6 Bxh6 77. h5 Kxh5 1/2-1/2

[Event "4NCL Division 1c"]
[Site "Birmingham, ENG"]
[Date "2016.05.01"]
[Round "10.126"]
[White "Le Roux, Jean-Pierre"]
[Black "Aagaard, Jacob"]
[Result "1-0"]
[WhiteElo "2557"]
[BlackElo "2491"]
[PlyCount "79"]
[EventDate "2016.05.01"]
[WhiteTeam "Guildford 1"]
[BlackTeam "Wood Green HK"]

1. e4 c5 2. Nf3 d6 3. Bb5+ Bd7 4. c4 Nf6 5. Nc3 Nc6 6. O-O g6 7. d4 cxd4 8.
Nxd4 Bg7 9. Bxc6 bxc6 10. c5 O-O 11. h3 Re8 12. Re1 Rb8 13. Nb3 Be6 14. Bf4
Bxb3 15. axb3 e5 16. Be3 dxc5 17. Rxa7 Qxd1 18. Rxd1 Rxb3 19. Rd2 Bf8 20. Rc7
Re6 21. g4 Rb8 22. Ra7 Rd6 23. Rxd6 Bxd6 24. Ra6 Rc8 25. Kf1 Kf8 26. Ke2 h5 27.
f3 hxg4 28. hxg4 Ke7 29. Kd3 Nd7 30. Na4 f6 31. Kc4 Rb8 32. b3 Rb4+ 33. Kc3 c4
34. bxc4 c5 35. Nb2 g5 36. Rc6 Nb6 37. Rxd6 Kxd6 38. Bxc5+ Kxc5 39. Nd3+ Kd6
40. Kxb4 1-0

[Event "4NCL Division 1c"]
[Site "Birmingham, ENG"]
[Date "2016.05.01"]
[Round "10.127"]
[White "Fitzsimons, David"]
[Black "Smerdon, David C"]
[Result "1/2-1/2"]
[WhiteElo "2385"]
[BlackElo "2529"]
[PlyCount "34"]
[EventDate "2016.05.01"]
[WhiteTeam "Wood Green HK"]
[BlackTeam "Guildford 1"]

1. e4 c5 2. Nf3 Nc6 3. d4 cxd4 4. Nxd4 g6 5. c4 Bg7 6. Be3 Nf6 7. Nc3 O-O 8.
Be2 d6 9. O-O Bd7 10. Qd2 Nxd4 11. Bxd4 Bc6 12. f3 a5 13. b3 Nd7 14. Be3 Nc5
15. Rab1 Be5 16. Nb5 e6 17. Bg5 Qd7 1/2-1/2

[Event "4NCL Division 1c"]
[Site "Birmingham, ENG"]
[Date "2016.05.01"]
[Round "10.128"]
[White "Stefanova, Antoaneta"]
[Black "Longson, Sarah N"]
[Result "1/2-1/2"]
[WhiteElo "2507"]
[BlackElo "2107"]
[PlyCount "56"]
[EventDate "2016.05.01"]
[WhiteTeam "Guildford 1"]
[BlackTeam "Wood Green HK"]

1. Nf3 d5 2. g3 Nf6 3. Bg2 e6 4. O-O Be7 5. c4 O-O 6. b3 d4 7. e3 Nc6 8. d3 e5
9. Na3 dxe3 10. fxe3 Bg4 11. Bb2 Qd7 12. Qd2 Bb4 13. Qe2 Rad8 14. Rad1 Rfe8 15.
Nc2 Bc5 16. Kh1 Qf5 17. e4 Qh5 18. Qe1 a5 19. Ne3 Nb4 20. Nd5 Nfxd5 21. cxd5
Nc2 22. Qc3 Nd4 23. Nxe5 Ne2 24. Qxc5 Nxg3+ 25. Kg1 Ne2+ 26. Kh1 Ng3+ 27. Kg1
Ne2+ 28. Kh1 Ng3+ 1/2-1/2

[Event "4NCL Division 1c"]
[Site "Birmingham, ENG"]
[Date "2016.05.01"]
[Round "10.131"]
[White "Turner, Matthew J"]
[Black "Gormally, Daniel W"]
[Result "1-0"]
[WhiteElo "2509"]
[BlackElo "2490"]
[PlyCount "85"]
[EventDate "2016.05.01"]
[WhiteTeam "Barbican 4NCL 1"]
[BlackTeam "Blackthorne Russia"]

1. Nf3 Nf6 2. g3 d5 3. Bg2 Bf5 4. c4 c6 5. cxd5 cxd5 6. Qb3 Qc7 7. Nc3 e6 8. d3
Nc6 9. Bf4 Qb6 10. Qxb6 axb6 11. O-O Be7 12. Rfc1 O-O 13. Nb5 Rfc8 14. a3 Nd7
15. Nd6 Bxd6 16. Bxd6 e5 17. Rc3 h6 18. Rac1 Be6 19. e3 Re8 20. d4 exd4 21.
Nxd4 Nxd4 22. exd4 Nf6 23. f3 Bd7 24. Rc7 Re2 25. R7c2 Ree8 26. Kf2 Bc6 27. Bh3
b5 28. Bb4 Rad8 29. Bf5 g6 30. Bd3 Re6 31. Bd2 Kg7 32. Rc3 Ne8 33. Rc5 Nd6 34.
b3 Ra8 35. Bb4 f6 36. g4 Rh8 37. Re1 Rxe1 38. Kxe1 Rd8 39. Kf2 Kf7 40. h3 f5
41. Rc1 fxg4 42. hxg4 Rd7 43. Kg3 1-0